Statistics for Language by Sentence

Click here to take the quiz!

General Stats

  • This quiz has been taken 37 times
  • The average score is 16 of 20

Answer Stats

HintAnswer% Correct
This is our language.English
100%
Wir haben es nicht geschafft.German
100%
Oн живет в городе.Russian
100%
¿Por qué preguntaste?Spanish
100%
Nous avons de beaux endroits !French
97%
おいしい食べ物があります。Japanese
97%
Este é o nosso país!Portuguese
94%
我們有美味的食物。Chinese
91%
Είμαστε πολύ μεγάλος λαός!Greek
91%
Pojedziemy po południu.Polish
85%
Det är väldigt känsligt.Swedish
85%
!يجب عليك أن تفعل ذلكArabic
82%
Ви все знаєте!Ukrainian
82%
Onunla konuştun mu?Turkish
79%
Како си то урадио?Serbian
76%
Daj mi žličicu u kuhinji.Croatian
67%
Soha nem voltunk ott.Hungarian
67%
Wanneer het jy gekom?Afrikaans
52%
তারাই সেরা IBengali
52%
Ako dlho už cestuješ?Slovakian
36%

Score Distribution

Percentile by Number Answered

Percent of People with Each Score

Your Score History

You have not taken this quiz